00718nam a22002177a 450000500170000000800410001701000150005802000260007302000230009903500130012203700150013504000180015008200180016810000180018624501010020426000460030527000640035130000320041550000500044770000030049720110711120937.0110711t xxu||||| |||| 00| 0 eng d aENG-102967 a9780198071877c595.00 a0198071876c595.00 aEN-86500 bDBAD / PUB adplbEnglish  a305.568809542 aBadri Narayan aThe making of the dalit public in North India :bUttar Pradesh, 1950-present /cby Badri Narayan aNew Delhi bOxford University Pressc2011 aYMCA Library Building, Jai Singh Road, bNew Delhi e110001 axxxviii, 168p. c22cm (Hb)  aIncludes bibliographical references and index